Emerging Asia in focus: (Record no. 19410)

MARC details
000 -LEADER
fixed length control field 02552nam a22003857a 4500
008 - FIXED-LENGTH DATA ELEMENTS--GENERAL INFORMATION
fixed length control field 081203t xxu||||| |||| 00| 0 eng d
010 ## - LCCN (DPL NO)
LC control number ENG-91966
020 ## - INTERNATIONAL STANDARD BOOK NUMBER
International Standard Book Number 9788189901288
Terms of availability 1190.00
035 ## - SYSTEM CONTROL NUMBER
System control number EN-75499
035 ## - SYSTEM CONTROL NUMBER
System control number B-359982-987
037 ## - SOURCE OF ACQUISITION
Source of stock number/acquisition DBAD / PUB
037 ## - SOURCE OF ACQUISITION
Source of stock number/acquisition Academic Excellence Publishers
040 ## - CATALOGING SOURCE
Original cataloging agency dpl
Language of cataloging English
082 ## - DEWEY DECIMAL CLASSIFICATION NUMBER
Classification number 327.5
245 ## - TITLE STATEMENT
Title Emerging Asia in focus:
Statement of responsibility, etc edited by P.L. Dash
Remainder of title issues and problems /
260 ## - PUBLICATION, DISTRIBUTION, ETC. (IMPRINT)
Place of publication, distribution, etc Delhi
Name of publisher, distributor, etc Academic Excellence
Date of publication, distribution, etc 2008
270 ## - ADDRESS
Address 42 Ekta Apartment, Geeta Colony,
City Delhi
Postal code 110031
300 ## - PHYSICAL DESCRIPTION
Extent vii, 507p.:
Dimensions 22cm (Hb)
500 ## - GENERAL NOTE
General note Includues index
650 ## - SUBJECT ADDED ENTRY--TOPICAL TERM
Topical term or geographic name as entry element Civil society
Geographic subdivision Asia.
651 ## - SUBJECT ADDED ENTRY--GEOGRAPHIC NAME
Geographic name Asia
General subdivision Economic conditions
651 ## - SUBJECT ADDED ENTRY--GEOGRAPHIC NAME
Geographic name Asia
General subdivision Social conditions
651 ## - SUBJECT ADDED ENTRY--GEOGRAPHIC NAME
Geographic name India
General subdivision Foreign relations
Geographic subdivision Asia
651 ## - SUBJECT ADDED ENTRY--GEOGRAPHIC NAME
Geographic name Asia
General subdivision Foreign relations
Geographic subdivision India
700 ## - ADDED ENTRY--PERSONAL NAME
Personal name Dash, P.L.
942 ## - ADDED ENTRY ELEMENTS (KOHA)
Source of classification or shelving scheme Dewey Decimal Classification
Item type Reference Books
Call number suffix EME
Classification part 327.5
Holdings
Withdrawn status Lost status Source of classification or shelving scheme Damaged status Not for loan Collection code Home library Current library Date acquired Source of acquisition Cost, normal purchase price Total Checkouts Full call number Barcode Date last seen Copy number Cost, replacement price Koha item type
    Dewey Decimal Classification     Non-fiction Central Library Central Library 04/02/2010 Academic Excellence/AE/313/23.10.09/327/16.1.09/23.10.09 1190.00   327.5 EME B-359982 04/02/2010 1 1190.00 Reference Books
    Dewey Decimal Classification   Not For Loan Non-fiction D.B.Act.Division D.B.Act.Division 03/12/2008 DBAD / PUB 1190.00   327.5 EME EN-75499 03/12/2008 1 1190.00 English Books
    Dewey Decimal Classification     Non-fiction Janak Puri Janak Puri 04/02/2010 Academic Excellence/AE/313/23.10.09/327/16.1.09/23.10.09 1190.00   327.5 EME B-359984 04/02/2010 1 1190.00 Reference Books
    Dewey Decimal Classification     Non-fiction Karol Bagh Karol Bagh 04/02/2010 Academic Excellence/AE/313/23.10.09/327/16.1.09/23.10.09 1190.00   327.5 EME B-359986 04/02/2010 1 1190.00 Reference Books
    Dewey Decimal Classification     Non-fiction Patel Nagar Patel Nagar 04/02/2010 Academic Excellence/AE/313/23.10.09/327/16.1.09/23.10.09 1190.00   327.5 EME B-359983 04/02/2010 1 1190.00 Reference Books
    Dewey Decimal Classification     Non-fiction Shahdara Branch Shahdara Branch 04/02/2010 Academic Excellence/AE/313/23.10.09/327/16.1.09/23.10.09 1190.00   327.5 EME B-359987 04/02/2010 1 1190.00 Reference Books
    Dewey Decimal Classification     Non-fiction Vinoba Puri Vinoba Puri 04/02/2010 Academic Excellence/AE/313/23.10.09/327/16.1.09/23.10.09 1190.00   327.5 EME B-359985 04/02/2010 1 1190.00 Reference Books

© Delhi Public Library
Hit Counter
free hit counter